000
00264 a2200109 4500
020
_a
9789353946791
100
_a
Michael Negnevitsky
245
_a
Artificial intelligence: a guide to intelligent systems
250
_a
3rd
260
_b
Pearson
_c
2020
942
_c
OO
999
_c
116011
_d
116010